Derecho de los tratados: apuntes de clases

Saved in:
Bibliographic Details
Main Author: Vargas Carreño, Edmundo (Author)
Format: Book
Language:Spanish
Published: Santiago Ministerio de Relaciones Exteriores. Academia Diplomática Andrés Bello 1966
Subjects:
Tags: Add Tag
No Tags, Be the first to tag this record!

MARC

LEADER 00000nam a2200000 a 4500
001 UCT9152
003 CL-VaPUC
008 970404e19660000CL |||||||||||||||||spa|d
082 0 4 |a 341.37  |b VAR  |2 21 
100 0 |a Vargas Carreño, Edmundo  |e author  |9 381581 
245 1 0 |a Derecho de los tratados: apuntes de clases 
300 |a 58 p 
942 |c BK 
945 |d 19970404 00:00:00  |a cmena 
260 |a Santiago  |b Ministerio de Relaciones Exteriores. Academia Diplomática Andrés Bello  |c 1966 
650 0 |a Tratados internacionales   |9 256056 
650 0 |a Derecho internacional  |9 255637 
650 0 |a Relaciones Internacionales  |9 255740 
650 7 |a JURISDICCION INTERNACIONAL  |2 CL-VaPUC  |9 381582 
650 0 |a Justicia   |9 255408 
583 |a last modification  |c 19970404 00:00:00  |k Rodrigo Vera 
999 |c 257572  |d 257570 
952 |0 0  |1 0  |4 0  |6 341_370000000000000_VAR_1966  |7 0  |8 A  |9 281109  |a BIBDER  |b BIBDER  |d 2019-11-19  |i 1823477  |o 341.37 VAR 1966  |p 1823477  |r 2023-01-25  |w 2019-11-19  |y BK  |k DER